[Event "1st Regina Cattolica Open 2019"]
[Site "Cattolica"]
[Date "2019.06.16"]
[Round "4.8"]
[White "Rago, Riccardo"]
[Black "Tramalloni, Luca"]
[Result "1-0"]
[WhiteElo "2097"]
[BlackElo "2008"]
[Annotator "NA RC"]
[PlyCount "101"]
[EventDate "2019.06.14"]
[EventType "swiss"]
[EventCountry "ITA"]
[SourceTitle "playchess.com"]
[Source "ChessBase"]
[SourceQuality "1"]
[TimeControl "5400+30"]

1. Nf3 {[%emt 0:00:00]} c5 {[%emt 0:00:01]} 2. c4 {[%emt 0:00:26]} Nf6 {[%emt 0:00:46]} 3. Nc3 {[%emt 0:00:09]} e6 {[%emt 0:00:10]} 4. d4 {[%emt 0:06:45]} d5 {[%emt 0:09:28]} 5. e3 {[%emt 0:04:44]} Nc6 {[%emt 0:00:39]} 6. Be2 {[%emt 0:03:30]} a6 {[%emt 0:05:45]} 7. O-O {[%emt 0:06:57]} Be7 {[%emt 0:00:24]} 8. b3 {[%emt 0:01:45]} O-O {[%emt 0:02:11]} 9. Bb2 {[%emt 0:00:27]} cxd4 {[%emt 0:10:29]} 10. Nxd4 {[%emt 0:00:43]} Nxd4 {[%emt 0:04:27]} 11. Qxd4 {[%emt 0:09:17]} dxc4 {[%emt 0:01:09]} 12. bxc4 {[%emt 0:00:11]} Qxd4 {[%emt 0:16:17]} 13. exd4 {[%emt 0:00:08]} Rb8 {[%emt 0:05:46]} 14. Rfd1 {[%emt 0:02:36]} Rd8 {[%emt 0:00:51]} 15. Rac1 {[%emt 0:05:15]} Bd7 {[%emt 0:02:44]} 16. Bf3 {[%emt 0:01:04]} Bd6 {[%emt 0:04:20]} 17. Ne4 {[%emt 0:02:32]} Nxe4 {[%emt 0:00:44]} 18. Bxe4 {[%emt 0:00:08]} Bc6 {[%emt 0:01:06]} 19. f3 {[%emt 0:02:21]} Bf4 {[%emt 0:07:11]} 20. Rc3 {[%emt 0:00:26]} Ba4 {[%emt 0:01:21]} 21. Bc2 {[%emt 0:00:18]} Bxc2 {[%emt 0:01:37]} 22. Rxc2 {[%emt 0:00:08]} Rbc8 {[%emt 0:00:53]} 23. Kf2 {[%emt 0:00:26]} Bg5 {[%emt 0:00:39]} 24. g3 {[%emt 0:00:25]} Kf8 {[%emt 0:00:36]} 25. f4 {[%emt 0:01:58]} Bf6 {[%emt 0:00:40]} 26. Ke3 {[%emt 0:00:11]} Rd7 {[%emt 0:01:05]} 27. Ke4 {[%emt 0:03:04]} Rdc7 {[%emt 0:01:58]} 28. Rdc1 {[%emt 0:02:18]} Ke8 {[%emt 0:02:28]} 29. Rc3 {[%emt 0:05:45]} Rd8 {[%emt 0:01:26]} 30. Rb3 {[%emt 0:00:52]} Rcd7 {[%emt 0:02:04]} 31. Rd3 {[%emt 0:02:32]} Rc7 {[%emt 0:03:09]} 32. Ba3 {[%emt 0:03:56]} Rdc8 {[%emt 0:00:18]} 33. c5 {[%emt 0:05:07]} Rd8 {[%emt 0:02:48]} 34. Rb1 {[%emt 0:02:08]} Rcd7 {[%emt 0:00:57]} 35. Bb2 {[%emt 0:00:12]} Be7 {[%emt 0:00:58]} 36. Rb3 {[%emt 0:03:25]} Bf6 {[%emt 0:01:34]} 37. Rb4 {[%emt 0:00:44]} Be7 {[%emt 0:02:43]} 38. Bc3 {[%emt 0:00:39]} f5+ {[%emt 0:00:05]} 39. Kf3 {[%emt 0:00:19]} Bxc5 {[%emt 0:02:40]} 40. Rxb7 {[%emt 0:00:11]} Rxb7 {[%emt 0:02:05]} 41. Rxb7 {[%emt 0:00:08]} Bxd4 {[%emt 0:00:02]} 42. Bxd4 {[%emt 0:01:40]} Rxd4 {[%emt 0:00:06]} 43. Rxg7 {[%emt 0:00:04]} Ra4 {[%emt 0:04:19]} 44. Rxh7 {[%emt 0:00:15]} Rxa2 {[%emt 0:00:15]} 45. Ke3 {[%emt 0:01:16]} a5 {[%emt 0:00:24]} 46. Kd4 {[%emt 0:00:36]} Kf8 {[%emt 0:00:35]} 47. Ke5 {[%emt 0:00:47]} Re2+ {[%emt 0:00:29]} 48. Kf6 {[%emt 0:00:11]} Kg8 {[%emt 0:00:17]} 49. Rg7+ {[%emt 0:00:23]} Kh8 {[%emt 0:00:20]} 50. Ra7 {[%emt 0:00:07]} Rxh2 {[%emt 0:00:28]} 51. Kg6 {[%emt 0:00:09]} 1-0

[Event "1st Regina Cattolica Open 2019"]
[Site "Cattolica"]
[Date "2019.06.16"]
[Round "4.9"]
[White "Volpinari, Danilo"]
[Black "Casagrande, Federico"]
[Result "1/2-1/2"]
[WhiteElo "1966"]
[BlackElo "1883"]
[Annotator "NA RC"]
[PlyCount "37"]
[EventDate "2019.06.14"]
[EventType "swiss"]
[EventCountry "ITA"]
[SourceTitle "playchess.com"]
[Source "ChessBase"]
[SourceQuality "1"]
[TimeControl "5400+30"]

1. d4 {[%emt 0:00:19]} Nf6 {[%emt 0:00:00]} 2. Nf3 {[%emt 0:00:52]} e6 {[%emt 0:00:03]} 3. g3 {[%emt 0:00:43]} b6 {[%emt 0:02:46]} 4. Bg2 {[%emt 0:00:07]} Bb7 {[%emt 0:00:06]} 5. O-O {[%emt 0:00:08]} Be7 {[%emt 0:00:41]} 6. c4 {[%emt 0:03:17]} O-O {[%emt 0:01:20]} 7. Nc3 {[%emt 0:01:49]} d6 {[%emt 0:03:08]} 8. Qc2 {[%emt 0:01:40]} c5 {[%emt 0:09:39]} 9. dxc5 {[%emt 0:04:30]} bxc5 {[%emt 0:05:52]} 10. Rd1 {[%emt 0:02:40]} Qb6 {[%emt 0:05:42]} 11. Bf4 {[%emt 0:11:23]} Rd8 {[%emt 0:01:34]} 12. h3 {[%emt 0:07:33]} Bc6 {[%emt 0:12:35]} 13. g4 {[%emt 0:15:34]} Qb7 {[%emt 0:03:40]} 14. Ne1 {[%emt 0:07:04]} h6 {[%emt 0:08:42]} 15. Rd2 {[%emt 0:03:27]} d5 {[%emt 0:09:12]} 16. cxd5 {[%emt 0:03:54]} exd5 {[%emt 0:01:26]} 17. e3 {[%emt 0:03:47]} Na6 {[%emt 0:02:18]} 18. Rad1 {[%emt 0:01:07]} c4 {[%emt 0:05:10]} 19. Qf5 {[%emt 0:07:05]} 1/2-1/2

[Event "1st Regina Cattolica Open 2019"]
[Site "Cattolica"]
[Date "2019.06.16"]
[Round "4.10"]
[White "Paduano, Claudio"]
[Black "Bettalli, Francesco"]
[Result "0-1"]
[WhiteElo "1959"]
[BlackElo "2169"]
[Annotator "TA"]
[PlyCount "102"]
[EventDate "2019.06.14"]
[EventType "swiss"]
[EventCountry "ITA"]
[SourceTitle "playchess.com"]
[Source "ChessBase"]
[SourceQuality "1"]

{[%evp 24,120,12,-20,17,5,44,17,22,22,16,0,43,8,40,9,61,59,83,55,60,68,66,-5,38,12,62,58,49,42,41,60,42,0,13,-10,-12,-22,0,0,13,-50,16,14,18,-18,-4,-29,0,-29,38,-44,0,-20,-7,-77,-99,-179,-25,0,41,14,182,-60,-63,-133,-100,-98,-102,-127,-129,-132,-126,-218,-212,-259,-256,-927,-912,-1001,-1030,-1010,-1029,-989,-985,-1025,-1019,-995,-1097,-1868,-1811,-29974,-29975,-29988,-29989,-29989,-29990,-29987,-29981]} 1. d4 Nf6 2. c4 g6 3. Nc3 d5 4. cxd5 Nxd5 5. e4 Nxc3 6. bxc3 Bg7 7. Bc4 c5 8. Ne2 O-O 9. O-O Nc6 10. Be3 Na5 {[%cal Bc6a5,Ba5b7,Bb7d6][%mdl 32]} 11. Bd3 b6 12. Rc1 e5 13. d5 Nb7 {D87: Exchange Grünfeld: Classical Line: Variations without ...cxd4} (13... f5 14. f4 fxe4 15. Bxe4 Nc4 16. Qd3 Nxe3 17. Qxe3 Qd6 18. fxe5 Qxe5 19. Rxf8+ Bxf8 20. Qf4 Bd6 21. Rf1 {0-1 (56) Suleymanli,A (2313)-Safarli,E (2671) Baku 2018}) 14. c4 Nd6 15. a4 $146 ({Predecessor:} 15. Nc3 f5 16. exf5 {½-½ (16) Morgado,J (2500)-Piuva,M (2470) Finland 1991}) 15... f5 {The position is equal.} 16. f3 f4 17. Bf2 h5 18. Nc3 g5 19. Be2 (19. a5 $5) 19... Qf6 (19... Rf6 $11) 20. a5 $14 Bd7 21. Rb1 Rfb8 22. Kh1 Qg6 23. h3 (23. Ra1 $14) 23... Bf8 (23... g4 $5 {[%cal Rg4g3]}) 24. Qd3 Kg7 25. Rb2 Rb7 26. Rfb1 {[%cal Ra5b6]} Rab8 27. axb6 axb6 28. Nd1 Be7 29. Bg1 g4 30. Bf1 Bd8 31. Nf2 Bc7 32. Nd1 (32. Qc2 $11) 32... Kf6 ({Better is} 32... Kh7 $15) 33. Qc3 $11 Kf7 34. Bh2 Qg5 $36 {[%mdl 2048] Black is pushing.} 35. Qe1 Rg8 36. Nc3 Rbb8 (36... g3 $11 37. Bg1 Ra7) 37. Nd1 (37. g3 $14) 37... Rg6 38. Nc3 Ra8 39. fxg4 (39. g3 $11 Nc8 40. d6 Bxd6 41. h4) 39... hxg4 $17 {Hoping for ...g3.} 40. h4 (40. g3 $17 Nc8 41. h4) 40... Qe7 $2 ({Black should try} 40... Qh6 $19 41. g3 Kg8) 41. g3 $1 $11 {[%cal Rg3f4]} Nc8 42. d6 Qxd6 $2 {[#]} (42... Rxd6 $11 {and Black has nothing to worry.} 43. gxf4 Rh6) 43. Nd5 $2 (43. gxf4 $1 $18 {Black must now prevent Rd1.} exf4 {[#]} 44. Bxf4 $1 {[%mdl 512]} Qxf4 45. Rf2) 43... f3 $15 44. Qe3 (44. Rd1 $15) 44... Bd8 45. Rd2 {Nxb6 is the strong threat.} Qe6 46. Rbd1 {aiming for Nc7!} Ra7 47. Nc3 Be7 48. Rd3 (48. Nd5 $17 {was worth a try.}) 48... Nd6 $19 49. R3d2 Ra3 {And now ...Rxc3! would win.} 50. Qd3 $2 (50. Qe1) 50... Bc6 51. Re1 {[#]} Nxe4 {Played: Ra3xc3} 0-1

[Event "1st Regina Cattolica Open 2019"]
[Site "Cattolica"]
[Date "2019.06.16"]
[Round "4.11"]
[White "Aimi, Luca"]
[Black "Varvaglione, Antonio"]
[Result "0-1"]
[WhiteElo "1942"]
[BlackElo "2154"]
[Annotator "TA"]
[PlyCount "132"]
[EventDate "2019.06.14"]
[EventType "swiss"]
[EventCountry "ITA"]
[SourceTitle "playchess.com"]
[Source "ChessBase"]
[SourceQuality "1"]

{[%evp 16,132,55,6,31,35,43,27,37,0,0,0,0,0,0,0,0,-14,-1,0,0,-17,21,17,16,17,23,16,16,10,130,16,33,30,38,18,27,0,10,0,39,35,28,28,85,-16,51,0,0,0,75,68,65,66,73,72,83,83,88,77,84,55,67,21,21,10,13,0,0,0,0,0,-6,-4,-20,-8,0,0,0,0,0,0,0,-81,-87,-111,-118,-118,-118,-118,-118,-118,-109,-118,-8,-103,-8,-304,-321,-429,-398,-377,-376,-338,-320,-333,-234,-1217,-1230,-5077,-2623,-2107,-1440,-29974,-29974,-29984,-29985,-29985,-29985]} 1. d4 d6 2. Nf3 Nf6 3. c4 Nbd7 4. Nc3 e5 5. e4 g6 6. dxe5 dxe5 7. Be2 Bg7 8. O-O O-O 9. Bg5 h6 {E94: King's Indian: Classical: 6 Be2 e5 7 0-0: Various Black 7th moves} 10. Be3 (10. Bh4 c6 11. Qd6 Re8 12. Rad1 Qb6 13. b3 Bf8 14. Qd3 Nh5 15. Qc2 Nc5 16. Rfe1 Ne6 17. Bf1 Nef4 18. Na4 {0-1 (39) Gunina,V (2502)-Movsesian,S (2659) Minsk 2015}) 10... Ng4 11. Bc1 c6 {White has an edge.} 12. Ne1 Ngf6 13. Be3 Qe7 14. Nd3 Rd8 $146 ({Predecessor:} 14... Nh7 15. Qd2 Ng5 16. Rad1 Rd8 17. Rfe1 Nf8 18. Qc1 Kh7 19. Nc5 {1-0 (37) Olsen,S (2428)-Janos,J (2395) ICCF email 2006}) 15. f3 Nf8 {[%cal Bd7f8,Bf8e6,Be6d4][%mdl 32]} 16. Qd2 Kh7 17. Rfd1 $36 {[%mdl 2048] White has the initiative.} Ne6 18. Rac1 Nd4 19. Bf1 Nh5 20. Qf2 Qf6 21. Kh1 g5 22. Rd2 Be6 (22... Nf4 $11) 23. b3 (23. Rcd1 $1 $16) 23... g4 24. fxg4 Bxg4 25. Qxf6 Bxf6 26. Nf2 Be6 27. Rcd1 Bg5 28. Bxg5 hxg5 29. Ne2 $1 {[%cal Re2d4]} c5 (29... a5 $11) 30. Nc3 (30. Nd3 $16) 30... Nf4 ({Better is} 30... b6 $11) 31. Nb5 (31. g3 $14) 31... Rd7 $11 32. g3 Ng6 (32... Nh5 $1 $11 {keeps the balance.}) 33. Bh3 $16 b6 34. Bxe6 fxe6 35. Ng4 {Hoping for Nf6+.} Rf8 36. Nc3 Rdf7 37. Kg2 Rf3 38. Rd3 R3f7 39. Nb1 Ne7 $1 40. Nd2 Nec6 41. Rf1 Nb4 42. Rxf7+ Rxf7 43. Re3 Nbc2 44. Rc3 Ne1+ 45. Kh1 $1 a5 46. Rc1 Nd3 47. Rf1 Rxf1+ 48. Nxf1 $11 {[%mdl 4096] Endgame KNN-KNN} Nc1 49. Nxe5 (49. a3 $11) 49... Nxa2 $17 50. Nd2 Nc1 $1 {[%cal Rc1b3]} 51. Nd7 Ncxb3 52. Nxb3 Nxb3 53. Nxb6 {KN-KN} Nd2 54. Kg2 Nxe4 (54... Kg6 $1 $17 55. Kf2 Nxe4+ 56. Ke2 Kf5) 55. Na4 (55. Kf3 $11 {was the only way to keep the balance.} Nf6 56. h3) 55... g4 (55... Kg6 $17 56. Kf3 Nd2+ 57. Ke2 Nxc4) 56. Kf1 $2 {[%mdl 8192]} (56. h3 $1 $11 {and White stays safe.}) 56... Nd2+ $1 $19 57. Ke2 Nxc4 58. Nxc5 e5 $1 59. Kd3 Nd6 60. Nd7 {[#]} e4+ $1 61. Ke3 $2 {[#]} (61. Kd4 a4 62. Nf6+ Kg6 63. Nxg4) 61... a4 $1 {[%cal Ba5a4,Ba4a3,Ba3a2][%mdl 32]} 62. Nc5 a3 63. Nb3 a2 64. Kf4 Nc4 {Black mates.} 65. Kxg4 e3 66. Kf3 Nd2+ {[%mdl 64] Double Attack. Accuracy: White = 42%, Black = 58%.} 0-1

[Event "1st Regina Cattolica Open 2019"]
[Site "Cattolica"]
[Date "2019.06.16"]
[Round "5.1"]
[White "Kjartansson, Gudmundur"]
[Black "Gilevych, Artem"]
[Result "1-0"]
[WhiteElo "2459"]
[BlackElo "2448"]
[Annotator "ChessBase"]
[PlyCount "86"]
[EventDate "2019.06.14"]
[EventType "swiss"]
[EventCountry "ITA"]
[SourceTitle "playchess.com"]
[Source "ChessBase"]
[SourceQuality "1"]
[TimeControl "5400+30"]

1. d4 {[%emt 0:00:00]} d5 {[%emt 0:00:00]} 2. c4 {[%emt 0:00:00]} e6 {[%emt 0:00:00]} 3. Nc3 {[%emt 0:00:00]} Bb4 {[%emt 0:00:00]} 4. a3 {[%emt 0:00:03]} Bxc3+ {[%emt 0:00:00]} 5. bxc3 {[%emt 0:00:03]} c6 {[%emt 0:01:00]} 6. a4 {[%emt 0:00:21]} b6 {[%emt 0:04:17]} 7. Ba3 {[%emt 0:02:27]} Ba6 {[%emt 0:03:43]} 8. e4 {[%emt 0:04:30]} dxe4 {[%emt 0:06:16]} 9. Qg4 {[%emt 0:05:04]} Nf6 {[%emt 0:00:33]} 10. Qf4 {[%emt 0:07:23]} c5 {[%emt 0:05:23]} 11. dxc5 {[%emt 0:02:03]} O-O {[%emt 0:00:17]} 12. cxb6 {[%emt 0:06:13]} Re8 {[%emt 0:02:15]} 13. bxa7 {[%emt 0:21:06]} Rxa7 {[%emt 0:07:00]} 14. Be2 {[%emt 0:11:55]} Qc8 {[%emt 0:16:49]} 15. Bd6 {[%emt 0:03:57]} Nbd7 {[%emt 0:21:07]} 16. Qe3 {[%emt 0:01:30]} Ra8 {[%emt 0:11:32]} 17. c5 {[%emt 0:01:28]} Qc6 {[%emt 0:01:29]} 18. Bxa6 {[%emt 0:01:38]} Rxa6 {[%emt 0:00:28]} 19. Ne2 {[%emt 0:00:27]} Rxa4 {[%emt 0:03:16]} 20. Rxa4 {[%emt 0:02:45]} Qxa4 {[%emt 0:00:02]} 21. O-O {[%emt 0:00:09]} Rc8 {[%emt 0:02:11]} 22. Qd4 {[%emt 0:12:42]} Qc6 {[%emt 0:00:36]} 23. Ra1 {[%emt 0:01:21]} h6 {[%emt 0:00:24]} 24. Ra5 {[%emt 0:00:35]} e5 {[%emt 0:05:56]} 25. Qd2 {[%emt 0:05:39]} Ne8 {[%emt 0:04:45]} 26. h3 {[%emt 0:00:56]} Nxd6 {[%emt 0:01:14]} 27. cxd6 {[%emt 0:00:11]} Nf6 {[%emt 0:01:10]} 28. Ng3 {[%emt 0:06:26]} g6 {[%emt 0:01:27]} 29. Rxe5 {[%emt 0:00:58]} Rd8 {[%emt 0:00:43]} 30. Qxh6 {[%emt 0:00:32]} Qxd6 {[%emt 0:00:32]} 31. Rg5 {[%emt 0:01:58]} Rb8 {[%emt 0:00:01]} 32. Kh2 {[%emt 0:00:50]} Rb2 {[%emt 0:00:46]} 33. Ra5 {[%emt 0:00:07]} Qb8 {[%emt 0:00:43]} 34. Qe3 {[%emt 0:00:31]} Kh7 {[%emt 0:00:29]} 35. Ra4 {[%emt 0:01:03]} Rb1 {[%emt 0:00:14]} 36. Qd4 {[%emt 0:00:25]} Qf4 {[%emt 0:00:33]} 37. Qe3 {[%emt 0:00:33]} Qe5 {[%emt 0:00:45]} 38. f4 {[%emt 0:00:22]} Qe8 {[%emt 0:00:25]} 39. Rd4 {[%emt 0:00:18]} Qa8 {[%emt 0:00:35]} 40. Nxe4 {[%emt 0:00:13]} Nh5 {[%emt 0:00:07]} 41. Ng5+ {[%emt 0:00:21]} Kg7 {[%emt 0:00:51]} 42. Qe5+ {[%emt 0:00:35]} Kg8 {[%emt 0:00:34]} 43. Nxf7 {[%emt 0:01:10]} Ng7 {[%emt 0:00:31]} 1-0

[Event "1st Regina Cattolica Open 2019"]
[Site "Cattolica"]
[Date "2019.06.16"]
[Round "5.2"]
[White "Vovk, Yuri"]
[Black "Laketic, Gojko"]
[Result "1-0"]
[WhiteElo "2586"]
[BlackElo "2387"]
[Annotator "ChessBase"]
[PlyCount "63"]
[EventDate "2019.06.14"]
[EventType "swiss"]
[EventCountry "ITA"]
[SourceTitle "playchess.com"]
[Source "ChessBase"]
[SourceQuality "1"]
[TimeControl "5400+30"]

1. d4 {[%emt 0:00:00]} Nf6 {[%emt 0:01:28]} 2. c4 {[%emt 0:00:08]} c6 {[%emt 0:02:09]} 3. Nc3 {[%emt 0:00:12]} d5 {[%emt 0:00:09]} 4. Nf3 {[%emt 0:00:08]} Qb6 {[%emt 0:01:49]} 5. Qc2 {[%emt 0:08:42]} Bg4 {[%emt 0:03:41]} 6. e3 {[%emt 0:11:01]} e6 {[%emt 0:01:44]} 7. Bd3 {[%emt 0:00:57]} Nbd7 {[%emt 0:01:15]} 8. Bd2 {[%emt 0:00:23]} Qc7 {[%emt 0:23:59]} 9. cxd5 {[%emt 0:06:37]} exd5 {[%emt 0:01:38]} 10. Nh4 {[%emt 0:00:48]} Nb6 {[%emt 0:05:26]} 11. h3 {[%emt 0:04:05]} Be6 {[%emt 0:04:33]} 12. O-O {[%emt 0:02:18]} Be7 {[%emt 0:06:29]} 13. Nf3 {[%emt 0:07:31]} Nc4 {[%emt 0:03:13]} 14. Bxc4 {[%emt 0:02:39]} dxc4 {[%emt 0:00:02]} 15. e4 {[%emt 0:02:07]} h6 {[%emt 0:01:14]} 16. Rfe1 {[%emt 0:06:19]} O-O {[%emt 0:03:52]} 17. Ne2 {[%emt 0:00:49]} b5 {[%emt 0:05:28]} 18. Nf4 {[%emt 0:01:14]} Bd7 {[%emt 0:09:54]} 19. b3 {[%emt 0:01:56]} cxb3 {[%emt 0:02:43]} 20. axb3 {[%emt 0:02:14]} Rfc8 {[%emt 0:00:27]} 21. e5 {[%emt 0:05:12]} Nd5 {[%emt 0:02:42]} 22. e6 {[%emt 0:00:10]} Be8 {[%emt 0:03:14]} 23. Nxd5 {[%emt 0:04:40]} cxd5 {[%emt 0:00:47]} 24. Qf5 {[%emt 0:00:07]} Qd8 {[%emt 0:10:51]} 25. Ra6 {[%emt 0:04:13]} f6 {[%emt 0:01:17]} 26. Ba5 {[%emt 0:00:08]} Rc7 {[%emt 0:00:50]} 27. Bxc7 {[%emt 0:00:46]} Qxc7 {[%emt 0:00:01]} 28. Qxd5 {[%emt 0:00:30]} Rc8 {[%emt 0:00:35]} 29. Rea1 {[%emt 0:02:30]} Bc6 {[%emt 0:00:21]} 30. Qh5 {[%emt 0:00:59]} Be8 {[%emt 0:01:19]} 31. Qf5 {[%emt 0:02:33]} Bd6 {[%emt 0:00:19]} 32. Qe4 {[%emt 0:02:58]} 1-0

[Event "1st Regina Cattolica Open 2019"]
[Site "Cattolica"]
[Date "2019.06.16"]
[Round "5.3"]
[White "Mezentsev, Ivan"]
[Black "Repka, Christopher"]
[Result "1-0"]
[WhiteElo "2281"]
[BlackElo "2482"]
[Annotator "ChessBase"]
[PlyCount "73"]
[EventDate "2019.06.14"]
[EventType "swiss"]
[EventCountry "ITA"]
[SourceTitle "playchess.com"]
[Source "ChessBase"]
[SourceQuality "1"]
[TimeControl "5400+30"]

1. Nf3 {[%emt 0:00:00]} d5 {[%emt 0:00:00]} 2. e3 {[%emt 0:00:00]} c6 {[%emt 0:00:01]} 3. c4 {[%emt 0:00:19]} e6 {[%emt 0:00:04]} 4. b3 {[%emt 0:02:27]} f5 {[%emt 0:01:01]} 5. Bb2 {[%emt 0:01:25]} Nf6 {[%emt 0:00:05]} 6. Be2 {[%emt 0:02:20]} Bd6 {[%emt 0:05:23]} 7. O-O {[%emt 0:00:12]} O-O {[%emt 0:00:12]} 8. d4 {[%emt 0:02:17]} b6 {[%emt 0:02:26]} 9. Ba3 {[%emt 0:03:33]} c5 {[%emt 0:01:45]} 10. cxd5 {[%emt 0:04:04]} exd5 {[%emt 0:00:06]} 11. Nc3 {[%emt 0:00:46]} Bb7 {[%emt 0:01:28]} 12. Rc1 {[%emt 0:04:40]} Nbd7 {[%emt 0:00:47]} 13. g3 {[%emt 0:03:19]} Rc8 {[%emt 0:01:04]} 14. Nh4 {[%emt 0:06:41]} Ne4 {[%emt 0:11:29]} 15. Nxd5 {[%emt 0:03:32]} Bxd5 {[%emt 0:12:46]} 16. dxc5 {[%emt 0:00:08]} Bb7 {[%emt 0:02:00]} 17. Bc4+ {[%emt 0:04:24]} Kh8 {[%emt 0:00:15]} 18. cxd6 {[%emt 0:02:37]} Ne5 {[%emt 0:01:16]} 19. d7 {[%emt 0:03:16]} Ng5 {[%emt 0:09:35]} 20. f3 {[%emt 0:05:02]} Rc7 {[%emt 0:00:05]} 21. Qd6 {[%emt 0:27:00]} Nxd7 {[%emt 0:04:49]} 22. Rcd1 {[%emt 0:00:48]} Qc8 {[%emt 0:00:19]} 23. Bb2 {[%emt 0:00:43]} Nc5 {[%emt 0:01:10]} 24. Qh6 {[%emt 0:02:14]} Nce6 {[%emt 0:09:55]} 25. Ng6+ {[%emt 0:02:45]} Kg8 {[%emt 0:00:06]} 26. Qxg5 {[%emt 0:00:02]} hxg6 {[%emt 0:01:44]} 27. Qxg6 {[%emt 0:00:21]} Rxc4 {[%emt 0:00:04]} 28. bxc4 {[%emt 0:00:09]} Rf7 {[%emt 0:00:02]} 29. Rd6 {[%emt 0:01:07]} Nf8 {[%emt 0:00:09]} 30. Qg5 {[%emt 0:00:39]} Qxc4 {[%emt 0:00:27]} 31. Rd8 {[%emt 0:00:25]} Qb4 {[%emt 0:01:51]} 32. Be5 {[%emt 0:00:11]} Ba6 {[%emt 0:02:02]} 33. Rfd1 {[%emt 0:00:11]} Bb5 {[%emt 0:02:49]} 34. Rxf8+ {[%emt 0:00:37]} Qxf8 {[%emt 0:00:21]} 35. Rd8 {[%emt 0:00:04]} Be8 {[%emt 0:00:05]} 36. Bd6 {[%emt 0:00:02]} Qxd6 {[%emt 0:00:22]} 37. Rxd6 {[%emt 0:00:13]} 1-0

[Event "1st Regina Cattolica Open 2019"]
[Site "Cattolica"]
[Date "2019.06.16"]
[Round "5.4"]
[White "Deshpande Abhishek"]
[Black "Drazic, Sinisa"]
[Result "0-1"]
[WhiteElo "1827"]
[BlackElo "2365"]
[Annotator "NA"]
[PlyCount "116"]
[EventDate "2019.06.14"]
[EventType "swiss"]
[EventCountry "ITA"]
[SourceTitle "playchess.com"]
[Source "ChessBase"]
[SourceQuality "1"]
[TimeControl "5400+30"]

1. e4 {[%emt 0:00:06]} Nc6 {[%emt 0:00:00]} 2. d4 {[%emt 0:00:18]} d6 {[%emt 0:00:00]} 3. Nc3 {[%emt 0:00:49]} a6 {[%emt 0:00:00]} 4. Be3 {[%emt 0:00:32]} Nf6 {[%emt 0:01:08]} 5. f3 {[%emt 0:00:21]} e5 {[%emt 0:00:24]} 6. d5 {[%emt 0:02:32]} Ne7 {[%emt 0:00:15]} 7. Qd2 {[%emt 0:02:48]} h6 {[%emt 0:00:18]} 8. O-O-O {[%emt 0:00:19]} Ng6 {[%emt 0:01:25]} 9. Kb1 {[%emt 0:00:54]} Be7 {[%emt 0:00:03]} 10. Nge2 {[%emt 0:01:42]} c5 {[%emt 0:02:20]} 11. h4 {[%emt 0:04:03]} h5 {[%emt 0:03:58]} 12. Bg5 {[%emt 0:02:37]} Nh7 {[%emt 0:02:43]} 13. Bxe7 {[%emt 0:00:13]} Qxe7 {[%emt 0:00:03]} 14. g3 {[%emt 0:00:37]} b5 {[%emt 0:00:19]} 15. Bg2 {[%emt 0:01:10]} Nf6 {[%emt 0:00:09]} 16. Ng1 {[%emt 0:02:56]} c4 {[%emt 0:01:57]} 17. Nh3 {[%emt 0:00:45]} Qa7 {[%emt 0:05:00]} 18. Ne2 {[%emt 0:01:16]} a5 {[%emt 0:01:07]} 19. Rhf1 {[%emt 0:00:45]} b4 {[%emt 0:00:23]} 20. c3 {[%emt 0:00:59]} Nd7 {[%emt 0:02:06]} 21. f4 {[%emt 0:01:04]} Nc5 {[%emt 0:00:24]} 22. f5 {[%emt 0:01:01]} Nf8 {[%emt 0:00:15]} 23. f6 {[%emt 0:00:37]} g6 {[%emt 0:03:36]} 24. Ng5 {[%emt 0:01:42]} Bg4 {[%emt 0:01:47]} 25. Bf3 {[%emt 0:00:41]} Bxf3 {[%emt 0:00:16]} 26. Rxf3 {[%emt 0:00:21]} Nfd7 {[%emt 0:00:16]} 27. Qe3 {[%emt 0:02:13]} Nb6 {[%emt 0:02:46]} 28. Ne6 {[%emt 0:05:12]} Nba4 {[%emt 0:01:52]} 29. Nxc5 {[%emt 0:00:21]} Nxc5 {[%emt 0:02:37]} 30. Nc1 {[%emt 0:04:01]} Kd7 {[%emt 0:01:37]} 31. Qe2 {[%emt 0:00:40]} Qa6 {[%emt 0:00:05]} 32. Re3 {[%emt 0:02:43]} Rhb8 {[%emt 0:03:33]} 33. Qg2 {[%emt 0:04:54]} Na4 {[%emt 0:04:35]} 34. cxb4 {[%emt 0:02:06]} Qb6 {[%emt 0:07:40]} 35. Re2 {[%emt 0:01:57]} Qxb4 {[%emt 0:01:21]} 36. Rc2 {[%emt 0:01:46]} Nc3+ {[%emt 0:01:05]} 37. Rxc3 {[%emt 0:00:36]} Qxc3 {[%emt 0:00:02]} 38. Qc2 {[%emt 0:00:45]} Qb4 {[%emt 0:04:07]} 39. Ka1 {[%emt 0:00:20]} Ra6 {[%emt 0:03:31]} 40. Ne2 {[%emt 0:00:24]} Rab6 {[%emt 0:01:25]} 41. Rb1 {[%emt 0:02:06]} a4 {[%emt 0:01:19]} 42. a3 {[%emt 0:00:12]} Qb3 {[%emt 0:02:58]} 43. Qxb3 {[%emt 0:01:58]} Rxb3 {[%emt 0:00:12]} 44. Nc3 {[%emt 0:00:24]} Rxc3 {[%emt 0:03:55]} 45. bxc3 {[%emt 0:00:09]} Rxb1+ {[%emt 0:00:06]} 46. Kxb1 {[%emt 0:00:14]} Ke8 {[%emt 0:00:00]} 47. Kc2 {[%emt 0:00:29]} Kf8 {[%emt 0:00:02]} 48. Kd2 {[%emt 0:00:19]} Kg8 {[%emt 0:00:02]} 49. Ke3 {[%emt 0:00:40]} Kh7 {[%emt 0:00:02]} 50. Kf3 {[%emt 0:00:38]} g5 {[%emt 0:02:52]} 51. g4 {[%emt 0:09:27]} gxh4 {[%emt 0:04:07]} 52. gxh5 {[%emt 0:00:09]} Kh6 {[%emt 0:00:05]} 53. Kg4 {[%emt 0:00:06]} h3 {[%emt 0:00:03]} 54. Kxh3 {[%emt 0:00:06]} Kxh5 {[%emt 0:00:02]} 55. Kg3 {[%emt 0:00:23]} Kg5 {[%emt 0:00:01]} 56. Kh3 {[%emt 0:00:35]} Kxf6 {[%emt 0:00:03]} 57. Kh4 {[%emt 0:00:11]} Kg6 {[%emt 0:00:01]} 58. Kg4 {[%emt 0:00:09]} f6 {[%emt 0:00:10]} 0-1